BIBLIOTECA

SENCICO

Agua y saneamiento : en la búsqueda de nuevos paradigmas para las Américas (Registro nro. 1301)

Detalles MARC
000 -LEADER
fixed length control field 00733nam a2200265Ia 4500
005 - DATE AND TIME OF LATEST TRANSACTION
control field 20251020182506.0
008 - FIXED-LENGTH DATA ELEMENTS--GENERAL INFORMATION
fixed length control field 200515s9999 xx 000 0 und d
020 ## - INTERNATIONAL STANDARD BOOK NUMBER
International Standard Book Number 978-92-75-11669-2
082 ## - DEWEY DECIMAL CLASSIFICATION NUMBER
Classification number 628.397/O65
100 ## - MAIN ENTRY--PERSONAL NAME
Personal name Organización Panamericana de la Salud
245 #0 - TITLE STATEMENT
Title Agua y saneamiento : en la búsqueda de nuevos paradigmas para las Américas
260 ## - PUBLICATION, DISTRIBUTION, ETC.
Place of publication, distribution, etc. Washington, D.C.
260 ## - PUBLICATION, DISTRIBUTION, ETC.
Name of publisher, distributor, etc. McGraw-Hill Interamericana Editores, S.A. de C.V.
260 ## - PUBLICATION, DISTRIBUTION, ETC.
Date of publication, distribution, etc. 2012
300 ## - PHYSICAL DESCRIPTION
Extent 284 p.
300 ## - PHYSICAL DESCRIPTION
Other physical details tbl., graf.
490 ## - SERIES STATEMENT
Series statement Biblioteca Sede OPS
500 ## - GENERAL NOTE
General note 2 ejemplares
650 ## - SUBJECT ADDED ENTRY--TOPICAL TERM
Topical term or geographic name entry element ABASTECIMIENTO DE AGUA
650 ## - SUBJECT ADDED ENTRY--TOPICAL TERM
Topical term or geographic name entry element AGUA
650 ## - SUBJECT ADDED ENTRY--TOPICAL TERM
Topical term or geographic name entry element SANEAMIENTO
942 ## - ADDED ENTRY ELEMENTS (KOHA)
Koha item type Libros
Existencias
Fecha de la última vez que lo usaron Pago total Signatura topográfica completa Código de barras Precio efectivo desde Tipo de documento Estado perdido Estado dañado No es para préstamo Retirado Ubicación permanente Ubicación actual Fecha de adquisición Número de ejemplar
15/05/2020   628.397/O65 Bib-Lima15051301 15/05/2020 Libros         Biblioteca Central Lima Biblioteca Central Lima 15/05/2020  
15/05/2020   628.397/O65 Bib-Lima16051301 15/05/2020 Libros         Biblioteca Central Lima Biblioteca Central Lima 15/05/2020 Ej.2